|
|
|
|
| LEADER |
00000cam a2200000 7i4500 |
| 001 |
0000005461 |
| 005 |
20151222.0 |
| 008 |
070806 |
| 020 |
|
|
|a 1842158244
|
| 090 |
0 |
0 |
|a G
|b ENG
|
| 245 |
1 |
0 |
|a Nature :
|b 50 great science experiments and projects
|c Consulting editor Chris Oxlade
|
| 260 |
|
|
|a London :
|b Shouthwater ,
|c 2003
|
| 440 |
|
|
|a Hands-on Science
|
| 500 |
|
|
|a Children ages 10-12 years old (pink)
|
| 650 |
|
0 |
|a Junior fiction
|x English
|x Languages
|
| 650 |
|
0 |
|a Science
|x Study and teaching
|
| 700 |
1 |
|
|a Oxlade, Chris
|
| 999 |
|
|
|a 0000895201
|b Book
|c Adult Collection
|e Cawangan Pontian
|
| 999 |
|
|
|a 0000895203
|b Book
|c Children Collection
|e Cawangan Bandar Penawar
|
| 999 |
|
|
|a 0000895205
|b Book
|c Children Collection
|e Cawangan Mersing
|
| 999 |
|
|
|a 0000895206
|b Book
|c Children Collection
|e Cawangan Segamat
|
| 999 |
|
|
|a 0000895207
|b Book
|c Children Collection
|e Cawangan Tangkak
|
| 999 |
|
|
|a 0000895208
|b Book
|c Children Collection
|e Cawangan Muar
|
| 999 |
|
|
|a 0000895209
|b Book
|c Children Collection
|e Cawangan Tmn. Ungku Tun Aminah
|
| 999 |
|
|
|a 0000979630
|b Book
|c Children Collection
|e Cawangan Segamat
|
| 999 |
|
|
|a 0000979631
|b Book
|c Children Collection
|e Cawangan Batu Pahat
|
| 999 |
|
|
|a 0000979632
|b Book
|c Children Collection
|e Cawangan Pontian
|